Land vs. Land #20 - Statistiken

Allgemein
  • Dieses Quiz wurde 34 mal gespielt
  • Das Durchschnittsergebnis liegt bei 10 aus 14
Antwortstatistiken
Frage Antwort % Korrekt
...Tourismus? Tunesien🇹🇳
97%
...Bruttoinlandsprodukt? Tunesien🇹🇳
91%
...Einwohner? Tunesien🇹🇳
88%
...Exportmengen? Tunesien🇹🇳
84%
...Gewinner? Tunesien🇹🇳
84%
...Bruttoinlandsprodukt pro Kopf? Tunesien🇹🇳
78%
...HDI (Human Development Index)? Tunesien🇹🇳
78%
...Fläche? Kirgisistan🇰🇬
75%
...Gesundheitswesen? Tunesien🇹🇳
72%
...Lebenserwartung? Tunesien🇹🇳
66%
...durchschnittlicher IQ? Tunesien🇹🇳
56%
...Militär? Tunesien🇹🇳
53%
...Frieden? Tunesien🇹🇳
47%
...Happy Planet Index? Kirgisistan🇰🇬
31%
Keine übereinstimmenden Quizze gefunden
Verteilung der Resultate
Anzahl Personen mit jedem Resultat
Perzentil nach korrekt beantworteten Fragen
Ihre Resultats-Entwicklung
Sie haben dieses Quiz noch nicht gespielt